ბათუმის შოთა რუსთაველის სახელმწიფო უნივერსიტეტის ბიბლიოთეკა

Real Analysis / (ბიბ.ჩანაწერი № 41072)

000 -LEADER
fixed length control field 00893nam a2200277Ia 4500
001 - CONTROL NUMBER
control field 7721
003 - CONTROL NUMBER IDENTIFIER
control field GE_BSU
005 - DATE AND TIME OF LATEST TRANSACTION
control field 20221116113249.0
008 - FIXED-LENGTH DATA ELEMENTS--GENERAL INFORMATION
fixed length control field 181216s||||||||xx |||||||||||||| ||und||
020 ## - INTERNATIONAL STANDARD BOOK NUMBER
International Standard Book Number 1852333146.x
040 ## - CATALOGING SOURCE
Transcribing agency GE_BSU
041 ## - LANGUAGE CODE
Language code of text/sound track or separate title eng
080 ## - UNIVERSAL DECIMAL CLASSIFICATION NUMBER
Universal Decimal Classification number 515.12 H-84
100 ## - MAIN ENTRY--PERSONAL NAME
Personal name Howie,John M.
9 (RLIN) 14692
245 ## - TITLE STATEMENT
Title Real Analysis /
Statement of responsibility, etc. John M. Howie, Advisory Board:P.J.Cameron,M.A.J.Chaplain, K.Edman,and other.
264 ## - PRODUCTION, PUBLICATION, DISTRIBUTION, MANUFACTURE, AND COPYRIGHT NOTICE
Place of production, publication, distribution, manufacture London:
Name of producer, publisher, distributor, manufacturer Springer,
Date of production, publication, distribution, manufacture, or copyright notice 2005.
300 ## - PHYSICAL DESCRIPTION
Extent 276 p;
Dimensions 23 cm.
440 ## - SERIES STATEMENT/ADDED ENTRY--TITLE
Title Springer Undergraduate Mathematics Series: ISSN 1615-2085.
9 (RLIN) 14670
653 ## - INDEX TERM--UNCONTROLLED
keyword Real Analysis.
653 ## - INDEX TERM--UNCONTROLLED
keyword გეომეტრია
653 ## - INDEX TERM--UNCONTROLLED
keyword რეალური ანალიზი.
700 ## - ADDED ENTRY--PERSONAL NAME
Personal name Cameron, P.J
Relator term Advisory Board
9 (RLIN) 14676
700 ## - ADDED ENTRY--PERSONAL NAME
Personal name Chaplain, M.A.J.
Relator term Advisory Board
9 (RLIN) 14672
700 ## - ADDED ENTRY--PERSONAL NAME
Personal name Edman, K.
Relator term Advisory Board
9 (RLIN) 14691
942 ## - ADDED ENTRY ELEMENTS (KOHA)
Koha item type წიგნი
Source of classification or shelving scheme
ეგზემპლარები
Withdrawn status Lost status Source of classification or shelving scheme Damaged status Not for loan Permanent Location Current Location Shelving location Date acquired Cost, normal purchase price Full call number Barcode Date last seen Copy number Price effective from Koha item type Public note
          ბათუმის შოთა რუსთაველის სახელმწიფო უნივერსიტეტის მთავარი ბიბლიოთეკა ბათუმის შოთა რუსთაველის სახელმწიფო უნივერსიტეტის მთავარი ბიბლიოთეკა წიგნსაცავი 2018-12-17 76.00 515.12 H-84 24073 2018-12-17 24073 2018-12-17 წიგნი 76gel.
          ბათუმის შოთა რუსთაველის სახელმწიფო უნივერსიტეტის მთავარი ბიბლიოთეკა ბათუმის შოთა რუსთაველის სახელმწიფო უნივერსიტეტის მთავარი ბიბლიოთეკა წიგნსაცავი 2018-12-17 76.00 515.12 H-84 24074 2018-12-17 24074 2018-12-17 წიგნი 76gel.
          ბათუმის შოთა რუსთაველის სახელმწიფო უნივერსიტეტის მთავარი ბიბლიოთეკა ბათუმის შოთა რუსთაველის სახელმწიფო უნივერსიტეტის მთავარი ბიბლიოთეკა წიგნსაცავი 2018-12-17 76.00 515.12 H-84 24075 2018-12-17 24075 2018-12-17 წიგნი 76gel.
          ბათუმის შოთა რუსთაველის სახელმწიფო უნივერსიტეტის მთავარი ბიბლიოთეკა ბათუმის შოთა რუსთაველის სახელმწიფო უნივერსიტეტის მთავარი ბიბლიოთეკა წიგნსაცავი 2018-12-17 76.00 515.12 H-84 24076 2018-12-17 24076 2018-12-17 წიგნი 76gel.
          ბათუმის შოთა რუსთაველის სახელმწიფო უნივერსიტეტის მთავარი ბიბლიოთეკა ბათუმის შოთა რუსთაველის სახელმწიფო უნივერსიტეტის მთავარი ბიბლიოთეკა წიგნსაცავი 2018-12-17 76.00 515.12 H-84 24077 2018-12-17 24077 2018-12-17 წიგნი 76gel.